<?xml version="1.0" encoding="UTF-8"?><?xml-stylesheet type="text/xsl" href="static/style.xsl"?><OAI-PMH xmlns="http://www.openarchives.org/OAI/2.0/" xmlns:xsi="http://www.w3.org/2001/XMLSchema-instance" xsi:schemaLocation="http://www.openarchives.org/OAI/2.0/ http://www.openarchives.org/OAI/2.0/OAI-PMH.xsd"><responseDate>2026-04-27T20:51:42Z</responseDate><request verb="GetRecord" identifier="oai:riubu.ubu.es:10259/9295" metadataPrefix="marc">https://riubu.ubu.es/oai/request</request><GetRecord><record><header><identifier>oai:riubu.ubu.es:10259/9295</identifier><datestamp>2024-06-21T00:05:20Z</datestamp><setSpec>com_10259_6168</setSpec><setSpec>com_10259_5086</setSpec><setSpec>com_10259_2604</setSpec><setSpec>col_10259_6169</setSpec></header><metadata><record xmlns="http://www.loc.gov/MARC21/slim" xmlns:doc="http://www.lyncode.com/xoai" xmlns:xsi="http://www.w3.org/2001/XMLSchema-instance" xmlns:dcterms="http://purl.org/dc/terms/" xsi:schemaLocation="http://www.loc.gov/MARC21/slim http://www.loc.gov/standards/marcxml/schema/MARC21slim.xsd">
<leader>00925njm 22002777a 4500</leader>
<datafield tag="042" ind1=" " ind2=" ">
<subfield code="a">dc</subfield>
</datafield>
<datafield tag="720" ind1=" " ind2=" ">
<subfield code="a">Sendra Vega, Marta</subfield>
<subfield code="e">author</subfield>
</datafield>
<datafield tag="720" ind1=" " ind2=" ">
<subfield code="a">Cavia Saiz, Mónica</subfield>
<subfield code="e">author</subfield>
</datafield>
<datafield tag="720" ind1=" " ind2=" ">
<subfield code="a">Muñiz Rodríguez, Pilar</subfield>
<subfield code="e">author</subfield>
</datafield>
<datafield tag="260" ind1=" " ind2=" ">
<subfield code="c">2024-02</subfield>
</datafield>
<datafield tag="520" ind1=" " ind2=" ">
<subfield code="a">BPA is used in a wide range of consumer products with very concern toxicological properties. The European Union has restricted its use to protect human health. Industry has substituted BPA by BPA analogues. However, there is a lack of knowledge about their impacts. In this work, BPA and 5 BPA analogues (BPS, BPAP, BPAF, BPFL and BPC) have been studied in classical SH-SY5Y and the alternative 3D in vitro models after 24 and 96 h of exposure. Cell viability, percentage of ROS, cell cycle phases as well as the morphology of the spheroids were measured. The 2D model was more sensitive than the 3D models with differences in cell viability higher than 60% after 24 h of exposure, and different mechanisms of ROS production. After chronic exposure, both models were more affected in comparison to the 24 h exposure. After a recovery time (96 h), the spheroids exposed to 2.5–40 µM were able to recover cell viability and the morphology. Among the BPs tested, BPFL>BPAF>BPAP and >BPC revealed higher toxicological effects, while BPS was the only one with lower effects than BPA. To conclude, the SH-SY5Y 3D model is a suitable candidate to perform more reliable in vitro neurotoxicity tests.</subfield>
</datafield>
<datafield tag="024" ind2=" " ind1="8">
<subfield code="a">0300-483X</subfield>
</datafield>
<datafield tag="024" ind2=" " ind1="8">
<subfield code="a">http://hdl.handle.net/10259/9295</subfield>
</datafield>
<datafield tag="024" ind2=" " ind1="8">
<subfield code="a">10.1016/j.tox.2023.153715</subfield>
</datafield>
<datafield ind1=" " ind2=" " tag="653">
<subfield code="a">Toxicology</subfield>
</datafield>
<datafield ind1=" " ind2=" " tag="653">
<subfield code="a">BPA analogues</subfield>
</datafield>
<datafield ind1=" " ind2=" " tag="653">
<subfield code="a">Recovery assays</subfield>
</datafield>
<datafield ind1=" " ind2=" " tag="653">
<subfield code="a">SH-SY5Y 3D model</subfield>
</datafield>
<datafield ind1=" " ind2=" " tag="653">
<subfield code="a">Alternative in vitro model</subfield>
</datafield>
<datafield tag="245" ind1="0" ind2="0">
<subfield code="a">Are the BPA analogues an alternative to classical BPA? Comparison between 2D and alternative 3D in vitro neuron model to assess cytotoxic and genotoxic effects</subfield>
</datafield>
</record></metadata></record></GetRecord></OAI-PMH>